| 000 | 00547nam a2200217Ia 4500 | ||
|---|---|---|---|
| 003 | GCL | ||
| 008 | 140319s9999 xx 000 0 eng d | ||
| 040 |
_aGCL / _cGCL |
||
| 082 | 0 | 4 |
_a729 _bA C |
| 100 | 1 | _aASHCROTT, RONALD | |
| 245 | 1 | 0 |
_aCONSTRUCTION FOR INTERIOR DESIGNERS 2ND ED. / _cASHCROTT, RONALD |
| 260 |
_a[S.N] : _bLONGMAN ، _c1985 |
||
| 300 | _a449 P | ||
| 650 | 0 | 4 | _aBUILDINGS |
| 650 | 0 | 4 | _aDESIGN |
| 650 | 0 | 4 | _aBUILDING |
| 650 | 0 | 4 | _aINTERIOR DESIGN |
| 650 | 0 | 4 | _aROOFS AND FLOORS |
| 650 | 0 | 4 | _aFURNISHING |
| 942 |
_2ddc _cBK |
||
| 999 |
_c20116 _d20116 |
||